000 01766nam a2200397 c 4500
003 BLK
005 20250514181900.0
008 180411b bul|||||r ||||||| ||bul||
010 _aKNG00199502000
020 _a978-619-151-345-1
_bиздат.: СофтПрес
040 _aBLK
041 _aBUL
_cBUL
072 7 _2bullib
_aН85
_xДетска художествена литература Н
080 _aАмериканска литература (на САЩ)
_b821.111(73)
_x-93-91
_z821.111(73)-93-91
700 1 _aСандерсън, Рут
_eпреразк. и ил.
_9345124
700 1 _aРиков, Димитър
_eпрев.
_9384783
700 1 _aБратя Грим
_e*
_9368076
139 _aСандерсън, Рут
_bС 18
245 1 0 _aДванайсет танцуващи принцеси
_cпреразк. и ил. Рут Сандерсън; прев. Димитър Риков; * Братя Грим.
257 _aUSA
260 София
_bСофтПрес
_c2016
_fДобрич : ФолиАрт
300 _a32 с.
_bс цв. ил.
_c29 см
380 _aDX
500 _aОриг. загл. The Twelve Dancing Princesses / Ruth Sanderson. - Адапт. по приказката на братя Грим Скъсаните пантофки ; Ориг. загл. Die zertanzten Schuhe.
653 _aприказки
653 _aадаптирани книги
653 _aлитература за деца
653 _aдетска литература
659 _aН
852 _aЦб ІІ 21674
856 4 _qpdf
_u
856 4 _qpdf
_u
942 _cKNG
_n0
_07
944 _aCR
_c30.01.2017
_lИва Цветкова
_k30543
944 _aED
_c07.08.2017
_lф /
_kВиолета_Тройчева
999 _c190365
_d190365